| 000 | 00339nam a2200145Ia 4500 | ||
|---|---|---|---|
| 008 | 230312s9999||||xx |||||||||||||| ||und|| | ||
| 082 |
_a650 _bJAN |
||
| 100 | _aAsghar Rashid Janjua | ||
| 245 | 0 | _aIntroduction to Business | |
| 260 |
_bAzeem Acadmy _alahore _c2002 |
||
| 300 | _a279 | ||
| 546 | _aEng. | ||
| 650 | _aAccounting | ||
| 942 | _cBK | ||
| 999 |
_c1316 _d1316 |
||